[Event "MDA-ch (Women)"]
[Site "Kishinev"]
[Date "2024.02.08"]
[Round "6"]
[White "Dabija, Paula"]
[Black "Turcanu, Otilia"]
[Result "1-0"]
[WhiteElo "1228"]
[BlackElo "1322"]
[PlyCount "49"]
[EventDate "2024.02.03"]
[EventType "swiss"]
[EventRounds "7"]
[EventCountry "MDA"]
[SourceTitle "CB07_2024"]
[SourceDate "2024.02.14"]
[SourceVersion "1"]
[SourceVersionDate "2024.02.14"]
[SourceQuality "1"]

1. d4 Nf6 2. Bf4 d6 3. e3 g6 4. Nf3 Bg7 5. Be2 0-0 6. h3 Nbd7 7. 0-0 Qe8 8. Bh2 e5 9. c4 Qe7 10. Nc3 e4 11. Nd2 h5 12. a3 Re8 13. Rc1 Nf8 14. b4 N8h7 15. d5 Ng5 16. Kh1 Bf5 17. Nb3 a6 18. c5 Bc8 19. a4 Nd7 20. c6 Ne5 21. Qc2 f5 22. cxb7 Bxb7 23. Nd4 Qf7 24. Qa2 Nh7 25. Rfd1 1-0

[Event "MDA-ch (Women)"]
[Site "Kishinev"]
[Date "2024.02.07"]
[Round "5"]
[White "Dabija, Paula"]
[Black "Laricov, Vlada"]
[Result "0-1"]
[WhiteElo "1228"]
[BlackElo "1267"]
[PlyCount "64"]
[EventDate "2024.02.03"]
[EventType "swiss"]
[EventRounds "7"]
[EventCountry "MDA"]
[SourceTitle "CB07_2024"]
[SourceDate "2024.02.14"]
[SourceVersion "1"]
[SourceVersionDate "2024.02.14"]
[SourceQuality "1"]

1. d4 Nf6 2. Bf4 g6 3. Nc3 d5 4. e3 Bg7 5. Nf3 0-0 6. Be2 e6 7. h4 Nbd7 8. Qd2 c5 9. Bd6 Re8 10. Nb5 Ne4 11. Qd1 cxd4 12. exd4 Nxd6 13. Nxd6 Re7 14. c3 a6 15. h5 Nf6 16. Nxc8 Rxc8 17. Ne5 Qb6 18. Nd3 Rec7 19. g4 Qd6 20. Kf1 Ne4 21. Bf3 e5 22. dxe5 Bxe5 23. Nb4 Qb6 24. Bxe4 dxe4 25. Nd5 Qb5+ 26. Kg2 Rd7 27. c4 Rxc4 28. hxg6 hxg6 29. Qd2 e3 30. Qxe3 Qxd5+ 31. Kg1 Rxg4+ 32. Kf1 Qxh1+ 0-1

[Event "MDA-ch (Women)"]
[Site "Kishinev"]
[Date "2023.02.09"]
[Round "6"]
[White "Bargan, Victoria"]
[Black "Dabija, Paula"]
[Result "1-0"]
[WhiteElo "1784"]
[BlackElo "1271"]
[PlyCount "101"]
[EventDate "2023.02.04"]
[EventType "match"]
[EventRounds "9"]
[EventCountry "MDA"]
[SourceTitle "CBM 212 Extra"]
[Source "ChessBase"]
[SourceDate "2023.03.31"]
[SourceVersion "1"]
[SourceVersionDate "2023.03.31"]
[SourceQuality "1"]

1. d4 d5 2. c4 e6 3. Nc3 Nf6 4. cxd5 exd5 5. Bg5 c6 6. Qc2 Nbd7 7. e3 Be7 8. Bd3 0-0 9. Nf3 Re8 10. 0-0 Nf8 11. Rab1 Ne4 12. Bxe7 Qxe7 13. Bxe4 dxe4 14. Nd2 Bf5 15. b4 a6 16. a4 Bg6 17. b5 axb5 18. axb5 Nd7 19. bxc6 bxc6 20. Na4 Rec8 21. Rb7 Qe6 22. Rxd7 Rxa4 23. Qxa4 Qxd7 24. Rc1 f5 25. Nc4 Qc7 26. Ne5 Be8 27. Rc5 Qb7 28. h3 Kh8 29. Qc2 Rb8 30. Nxc6 Bxc6 31. Rxc6 Qb1+ 32. Qxb1 Rxb1+ 33. Kh2 Kg8 34. Rc7 Rb2 35. Kg3 Rd2 36. h4 g6 37. f3 Re2 38. Rc3 Kg7 39. fxe4 fxe4 40. Kh2 Kf6 41. Kg1 Kf5 42. Kf1 Rd2 43. Rc7 h6 44. Rf7+ Kg4 45. Rf4+ Kg3 46. Rxe4 Rf2+ 47. Ke1 Rxg2 48. d5 Rc2 49. d6 Rc8 50. d7 Rd8 51. Rd4 1-0

[Event "MDA-ch (Women)"]
[Site "Kishinev"]
[Date "2023.02.06"]
[Round "3"]
[White "Dabija, Paula"]
[Black "Mihailova, Alina"]
[Result "0-1"]
[WhiteElo "1271"]
[BlackElo "1969"]
[PlyCount "38"]
[EventDate "2023.02.04"]
[EventType "match"]
[EventRounds "9"]
[EventCountry "MDA"]
[SourceTitle "CBM 212 Extra"]
[Source "ChessBase"]
[SourceDate "2023.03.31"]
[SourceVersion "1"]
[SourceVersionDate "2023.03.31"]
[SourceQuality "1"]

1. d4 d5 2. Bf4 c5 3. e3 Nc6 4. c3 Nf6 5. Nf3 Nh5 6. Bg5 h6 7. Bh4 g5 8. Ne5 Nxe5 9. dxe5 Qb6 10. Bg3 Nxg3 11. hxg3 Qxb2 12. Be2 Bg7 13. f4 gxf4 14. gxf4 Qxa1 15. Bb5+ Kf8 16. Qc2 a6 17. Be2 d4 18. Bc4 dxc3 19. Qd3 Bg4 0-1

[Event "Hannibal Online op U14"]
[Site "Chess.com INT"]
[Date "2020.06.03"]
[Round "3"]
[White "Mitar, Octavian"]
[Black "Dabija, Paula"]
[Result "1-0"]
[WhiteElo "1035"]
[BlackElo "1166"]
[PlyCount "59"]
[EventDate "2020.06.01"]
[EventType "swiss"]
[EventRounds "9"]
[EventCountry "MDA"]
[SourceTitle "CBM 196 Extra"]
[Source "ChessBase"]
[SourceDate "2020.07.31"]
[SourceVersion "1"]
[SourceVersionDate "2020.07.31"]
[SourceQuality "1"]

1. e4 e5 2. Nf3 Nc6 3. Bb5 a6 4. Ba4 Nge7 5. Nc3 g6 6. 0-0 Bg7 7. d3 b5 8. Bb3 0-0 9. Bg5 h6 10. Bh4 g5 11. Bg3 d6 12. h4 g4 13. Nh2 h5 14. f3 Ng6 15. fxg4 hxg4 16. h5 Nh8 17. Nxg4 Qg5 18. Nh2 Qxg3 19. Rf3 Qg5 20. Bd5 Bd7 21. Bxc6 Bxc6 22. Rf5 Qh4 23. Nd5 Bxd5 24. exd5 Qd4+ 25. Kh1 Qxd5 26. Rg5 Qe6 27. Qg4 Qxg4 28. Nxg4 Kh7 29. Rf1 Bh6 30. Nf6# 1-0